Flags of the Countries in SAARC - Statistics

General Stats
  • This quiz has been taken 76 times
  • The average score is 8 of 8
Answer Stats
Picture Answer % Correct
Bhutan
100%
India
100%
Nepal
100%
Pakistan
100%
Afghanistan
98%
Bangladesh
98%
Sri Lanka
96%
Maldives
91%
No matching quizzes found
Score Distribution
Percent of People with Each Score
Percentile by Number Answered
Your Score History
You have not taken this quiz